Daily Capital City Riddle #88 - Statistics

General Stats
  • This quiz has been taken 42 times
  • The average score is 28 of 35
Answer Stats
Type Answer % Correct
Found Letter B
100%
Alphabet Letter R
100%
Alphabet Letter A
97%
Alphabet Letter E
97%
Found Letter I
97%
Alphabet Letter L
97%
Alphabet Letter N
97%
Alphabet Letter C
93%
Alphabet Letter S
93%
Found Letter D
90%
Alphabet Letter G
90%
Alphabet Letter H
90%
Found Letter O
90%
Found Letter T
90%
Alphabet Letter M
87%
Found Letter U
87%
Correctly Placed Letter O
83%
Alphabet Letter W
83%
Alphabet Letter K
80%
Alphabet Letter P
80%
Correctly Placed Letter I
77%
Alphabet Letter V
77%
Alphabet Letter Y
73%
Correctly Placed Letter B
70%
Correctly Placed Letter I
70%
Found Letter J
70%
Alphabet Letter X
70%
Alphabet Letter Z
67%
Alphabet Letter F
60%
Alphabet Letter Q
57%
Correctly Placed Letter T
57%
Correctly Placed Letter U
57%
Correctly Placed Letter D
53%
Mystery Capital Djibouti
53%
Correctly Placed Letter J
53%
No matching quizzes found
Score Distribution
Percent of People with Each Score
Percentile by Number Answered
Your Score History
You have not taken this quiz